| 000 -CABECERA |
| Longitud fija campo de control |
00448nam a2200181 a 4500 |
| 001 - NÚMERO DE CONTROL |
| Número de control |
14 |
| 003 - IDENTIFICADOR DEL NÚMERO DE CONTROL |
| Identificador del número de control |
CDMR |
| 005 - FECHA Y HORA DE LA ÚLTIMA TRANSACCIÓN |
| Fecha y hora de la última transacción |
20131121135740.0 |
| 008 - CÓDIGOS DE INFORMACIÓN DE LONGITUD FIJA |
| Códigos de información de longitud fija |
130130s1975||||||||||||||||||||||||||||d |
| 040 ## - FUENTE DE LA CATALOGACIÓN |
| Centro catalogador de origen |
CDMR |
| Lengua de catalogación |
cat |
| Centro transcriptor |
CDMR |
| 100 1# - PUNTO DE ACCESO PRINCIPAL-NOMBRE DE PERSONA |
| Nombre de persona |
Popescu, Diana |
| 9 (RLIN) |
17 |
| 245 10 - MENCIÓN DE TÍTULO |
| Título |
Jinete |
| Mención de responsabilidad, etc. |
Diana Popescu |
| Resto del título |
: revista de la hípica española 1959-1970 -- |
| 260 ## - PUBLICACIÓN, DISTRIBUCIÓN, ETC. (PIE DE IMPRENTA) |
| Lugar de publicación, distribución, etc. |
Barcelona |
| Fecha de publicación, distribución, etc. |
1975 |
| 310 ## - PERIODICIDAD ACTUAL |
| Periodicidad actual |
310a |
| 362 ## - FECHAS DE PUBLICACIÓN Y/O DESIGNACIÓN SECUENCIAL |
| Fecha de publicación y/o designación secuencial |
310a |
| 740 ## - PUNTO DE ACCESO ADICIONAL - TÍTULO RELACIONADO O ANALÍTICO NO CONTROLADO |
| Título relacionado o analítico no controlado |
740a |
| Número de parte o sección de la obra |
740n |
| Nombre de parte o sección de la obra |
740p |
| 942 ## - ENTRADA DE ELEMENTOS AGREGADOS (KOHA) |
| Koha [por defecto] tipo de item |
Tesines |
| Fuente de clasificaión o esquema |
|